000 01241nam a2200289 a 4500
001
003 DO-SdBNP
005 20230214124903.0
008 140324s2011 dr abc 001 0 spa d
020 _a9789945412543
040 _aBPMSU
_bspa
_cBPMSU
082 _aR333.7203
_bD545e 2011
_222
110 2 _aFundación Global Democracia y Desarrollo.
245 0 0 _aDiccionario de términos ambientales /
260 _aSanto Domingo :
_bFUNGLODE,
_c2011.
300 _a463 p. :
_bil., mapa, retr. ;
_c26 cm.
500 _aIncluye índice de tablas
500 _aIncluye índice de figuras
500 _aIncluye índice alfabético de términos
505 0 _aPrefacio. -- Prólogo. -- Introducción. -- Lista de acrónimos. -- Diccionario alfabético. -- Artículos en foco. -- Recursos. -- Índice alfabético de términos. -- Índice de figuras. -- Índice de tablas. -- Glosario de términos ambientales.
590 _6Inventariado, 2021/VM
650 4 _aMedio ambiente
_zRepública Dominicana
_vDiccionarios
650 4 _aRecursos naturales
_zRepública Dominicana
_vDiccionarios
650 4 _aEcología
_zRepública Dominicana
_vDiccionarios
910 _aVMateo V./Control de calidad
942 _2ddc
_cBK
999 _c13575
_d13575